000 00935 a2200289 4500
001 200129890
999 _c200129890
_d31315
003 TR-AnTOB
005 20190408220617.0
008 130625t1973 xxu 000 0
020 _a0841502404
040 _aDLC
_cDLC
_dDLC
041 _aeng
042 _alcac
050 0 4 _aPZ7.W6715
_bS3 1973
090 _aPZ7.W6715 S3
100 1 _aWilliamson, Henry,
_d1895-1977
_991090
245 1 4 _aThe scandaroon /
_cHenry Williamson ; Illustrations by Ken Lilly.
250 _a[1st American ed.]
264 1 _aNew York,:
_bSaturday Review Press,
_c[1973, c1972]
300 _a152 p.:
_billustrations,
_c22 cm.
520 _aAn abused homing pigeon is entrusted to a young boy who through caring for her learns to respect nature and the domain of birds.
650 1 _aHoming pigeons
_vFiction
_991093
650 1 _aBirds
_vFiction
_991092
700 1 _aLilly, Kenneth
_eillus.
_991091
942 _cBK